[Event "AUTO-ADV-4926"]
[Site "http://www.queenalice.com/game.php?id=1873530"]
[Date "2026.5.18"]
[Round "2"]
[White "Rafale2000"]
[Black "Jsc"]
[Result "0-1"]
[WhiteElo "2013"]
[BlackElo "2019"]

1. e4 e6 2. d4 d5 3. Nd2 dxe4 4. Nxe4 Nf6 5. Ng3 b6 6. Nf3 Bb7 7. Bg5 Be7 8. c3
h6 9. Bd2 Nc6 10. Bc4 O-O 11. O-O Qd7 12. Qc2 Nd5 13. Rfe1 Bf6 14. Rad1 Nce7 15.
Ne5 Bxe5 16. dxe5 Qc6 17. f3 Qxc4 18. b3 Qc6 19. Qc1 Kh7 20. c4 Qc5+ 21. Kh1 Nb4
22. Qb1+ Kh8 23. Ne4 Bxe4 24. Rxe4 Na6 25. Be3 Qc6 26. Rh4 Nf5 27. Re4 Nxe3 28.
Rxe3 Rfd8 29. Red3 Rxd3 30. Qxd3 Nc5 31. Qd4 Nb7 32. Qd7 Qxd7 33. Rxd7 Rd8 34.
Rxd8+ Nxd8 35. g3 Kg8 36. Kg2 Kf8 37. f4 Ke7 38. Kf3 Kd7 39. Ke4 Kc6 40. Kd4 f6
41. exf6 gxf6 42. b4 Kd6 43. b5 c6 44. a4 c5+ 45. Ke4 f5+ 46. Kf3 h5 47. h3 e5
0-1

[Event "AUTO-OPEN-4654"]
[Site "http://www.queenalice.com/game.php?id=1874073"]
[Date "2026.5.29"]
[Round "1"]
[White "mennecy91"]
[Black "Rafale2000"]
[Result "1-0"]
[WhiteElo "1913"]
[BlackElo "2019"]

1. c4 e5 2. Nc3 Nc6 3. g3 g6 4. Bg2 Bg7 5. d3 d6 6. h3 Nge7 7. e4 O-O 8. Nge2 f5
9. Bg5 h6 10. Be3 g5 11. f4 fxe4 12. Nxe4 exf4 13. gxf4 gxf4 14. Bxf4 Bxb2 15.
Bxh6 Rf6 16. Nxf6+ Bxf6 17. Rg1 Kf7 18. Nf4 Bf5 19. Qh5+ Bg6 20. Bd5+ Ke8 21.
Nxg6 Nxg6 22. Qxg6+ Kd7 23. Qf5+ 1-0

[Event "AUTO-OPEN-4654"]
[Site "http://www.queenalice.com/game.php?id=1874095"]
[Date "2026.5.29"]
[Round "1"]
[White "Shizumaru_Hisame"]
[Black "Rafale2000"]
[Result "0-1"]
[WhiteElo "2046"]
[BlackElo "1969"]

1. d4 Nf6 2. Bd2 d5 3. Bb4 Nc6 4. Ba3 e5 5. Bxf8 Rxf8 6. Nf3 e4 7. Ne5 Nxd4 8.
Qxd4 Qd6 9. b4 b6 10. f4 c5 11. bxc5 Qxc5 12. Qxc5 bxc5 13. e3 a6 14. Be2 Bb7
15. Nc3 O-O-O 16. Na4 d4 17. exd4 cxd4 18. Nb2 Nd5 19. O-O f6 20. Nec4 Nc3 21.
Bg4+ f5 22. Bh3 g6 23. g4 Ne2+ 24. Kh1 e3+ 25. Bg2 Bxg2+ 26. Kxg2 fxg4 27. Nd3
Kc7 28. Nc5 Rde8 29. Rad1 Nxf4+ 30. Kg1 e2 31. Rxd4 Nh3+ 32. Kg2 exf1=Q+ 33. Kg3
Qf2+ 34. Kxg4 Qf3+ 35. Kh4 g5# 0-1

[Event "AUTO-OPEN-4654"]
[Site "http://www.queenalice.com/game.php?id=1874096"]
[Date "2026.5.29"]
[Round "1"]
[White "Rafale2000"]
[Black "Shizumaru_Hisame"]
[Result "1-0"]
[WhiteElo "1980"]
[BlackElo "2032"]

1. e4 d5 2. exd5 Qxd5 3. Nc3 Qd8 4. d4 b6 5. Bc4 Bb7 6. Nf3 e6 7. O-O Bd6 8. Re1
Qe7 9. d5 Bc8 10. dxe6 fxe6 11. Bg5 Nf6 12. Nd5 Qf7 13. Bxf6 gxf6 14. Qd4 Nd7
15. Bb5 Kd8 16. Bxd7 exd5 17. Bc6 Rb8 18. Rad1 Be6 19. Bxd5 Bxd5 20. Qxd5 Qg6
21. Nd4 Kd7 22. Qe6+ Kd8 23. Nc6# 1-0

[Event "AUTO-OPEN-4654"]
[Site "http://www.queenalice.com/game.php?id=1874109"]
[Date "2026.5.29"]
[Round "1"]
[White "Rafale2000"]
[Black "mvson33"]
[Result "1-0"]
[WhiteElo "1988"]
[BlackElo "1785"]

1. e4 c5 2. c3 Nc6 3. Bb5 d6 4. d4 Bd7 5. Bxc6 Bxc6 6. d5 Bb5 7. Na3 Bd7 8. Nf3
Nf6 9. e5 dxe5 10. Nxe5 g6 11. O-O Bg7 12. d6 O-O 13. Bf4 exd6 14. Qxd6 Be6 15.
Qxc5 a6 16. Rad1 Qe8 17. b3 Rc8 18. Qb4 b5 19. Bg3 Nd5 20. Qa5 Ra8 21. c4 bxc4
22. Naxc4 Nc7 23. Qxc7 Qc8 24. Qa5 Rd8 25. Rd6 Rxd6 26. Nxd6 Qd8 27. Nc6 Qxa5
28. Nxa5 Rd8 29. Nab7 Rd7 30. Rc1 Re7 31. h3 Bh6 32. Rc5 Bf8 33. Ra5 Rd7 34.
Rxa6 Bd5 35. Nc5 Rd8 36. Nce4 Bxe4 37. Nxe4 Bg7 38. Rb6 Rd4 39. Nf6+ Bxf6 40.
Rxf6 Rd1+ 41. Kh2 Rd2 42. a4 Rd3 43. Rb6 Rd1 44. a5 Ra1 45. a6 Kg7 46. b4 Ra4
47. b5 Ra2 48. Rb7 1-0